Geography Quiz

Random Geography or Asia Quiz

Seas of Southeast Asia Quiz Stats

 Plays Quiz Updated Jul 11, 2018

Challenge
Share
Tweet
Score 0/51 Timer 08:00
0 Plays Today
% Correct
South China Sea
82.8%
Indian Ocean
79%
Bay of Bengal
78.9%
Gulf of Thailand
76.6%
Java Sea
63.8%
Singapore Strait
59.5%
Andaman Sea
55.5%
Gulf of Tonkin
55.5%
Strait of Malacca
54.7%
Brunei Bay
52.5%
Pacific Ocean
50.9%
Philippine Sea
49.3%
Timor Sea
43%
Celebes Sea
38.4%
Bali Sea
34.5%
Sulu Sea
33.9%
Qiongzhou Strait
32.5%
Banda Sea
31.8%
Makassar Strait
29.4%
Pearl River Estuary
29.2%
Luzon Strait
27.2%
Gulf of Tomini
26.8%
Laccadive Sea
25.4%
Karimata Strait
25.3%
Bali Strait
25.3%
Bohol Sea
24.7%
% Correct
Arafura Sea
23.7%
Molucca Sea
22.9%
Sunda Strait
22.6%
Gulf of Boni
22.5%
Lombok Strait
22.1%
Mentawai Strait
21.7%
Flores Sea
21.3%
Palk Strait
20.6%
Ceram Sea
20.5%
Moro Gulf
19.2%
Sibuyan Sea
18.1%
Gulf of Mannar
17.9%
Cenderawasih Bay
17.4%
Savu Sea
17.3%
Davao Gulf
16.9%
Halmahera Sea
16.4%
Mindoro Strait
15.9%
Bangka Strait
15.4%
Gulf of Tolo
15.2%
Visayan Sea
13.7%
Madura Strait
13.5%
Berau Bay
12.2%
Camotes Sea
11.4%
Samar Sea
11.3%
Panay Gulf
10.1%

You're not logged in!

Compare scores with friends on all Sporcle quizzes.
Join for Free
OR
Log In

You Might Also Like...

Show Comments

Extras

Top Quizzes Today


Score Distribution

Your Account Isn't Verified!

In order to create a playlist on Sporcle, you need to verify the email address you used during registration. Go to your Sporcle Settings to finish the process.

Report this User

Report this user for behavior that violates our Community Guidelines.

Details: